| 000 | 00454nam a22001817a 4500 | ||
|---|---|---|---|
| 003 | CEME | ||
| 005 | 20210628201719.0 | ||
| 008 | 210215b xxu||||| |||| 00| 0 eng d | ||
| 020 | _a81-7808-170-9 | ||
| 040 | _c. | ||
| 082 | _a621.384165 SCH | ||
| 100 |
_aSchiller, Jochen.H _956484 |
||
| 245 | _aMobile communications | ||
| 260 |
_aINDIA _bADDISON WESLEY _c2000 |
||
| 300 | _aXVIII,394P | ||
| 650 |
_aCOMMUNICATION-MOBILE _956485 |
||
| 942 |
_cBK _2ddc |
||
| 999 |
_c566881 _d566881 |
||